Valuation of public houses : formulae to determine percentage limits within bands (Record no. 100627)

MARC details
000 -LEADER
fixed length control field 00958cam a2200217 4500
001 - CONTROL NUMBER
control field J106766
008 - FIXED-LENGTH DATA ELEMENTS--GENERAL INFORMATION
fixed length control field 000000n2000 000 0 eng u
035 ## - SYSTEM CONTROL NUMBER
System control number (Sirsi) u106766
050 ## - LIBRARY OF CONGRESS CALL NUMBER
Classification number 333.3.2
110 ## - MAIN ENTRY--CORPORATE NAME
Corporate name or jurisdiction name as entry element Lawrence Tattersall Chartered Surveyors
9 (RLIN) 3891
245 ## - TITLE STATEMENT
Title Valuation of public houses : formulae to determine percentage limits within bands
260 ## - PUBLICATION, DISTRIBUTION, ETC.
Place of publication, distribution, etc. Sheffield
Name of publisher, distributor, etc. Lawrence Tattersall
Date of publication, distribution, etc. 2000
520 ## - SUMMARY, ETC.
Summary, etc. Calculation of percentages to give rateable value at all levels of recipt. This document provides formulae to determine the percentage limits forming the liquor and food bands for all levels of fair maintainable receipts (FMR) as defined in the Approved guide for the valuation of public houses for rating in the 2000 revaluation.
650 ## - SUBJECT ADDED ENTRY--TOPICAL TERM
Topical term or geographic name entry element PUBLIC HOUSES
650 ## - SUBJECT ADDED ENTRY--TOPICAL TERM
Topical term or geographic name entry element PUBS
650 ## - SUBJECT ADDED ENTRY--TOPICAL TERM
Topical term or geographic name entry element LICENSED PREMISES
650 ## - SUBJECT ADDED ENTRY--TOPICAL TERM
Topical term or geographic name entry element BAR
650 ## - SUBJECT ADDED ENTRY--TOPICAL TERM
Topical term or geographic name entry element VALUATIONS
690 ## - LOCAL SUBJECT ADDED ENTRY--TOPICAL TERM (OCLC, RLIN)
Topical term or geographic name as entry element VALUATION AND INVESTMENT APPRAISAL-COMMERCIAL
942 ## - ADDED ENTRY ELEMENTS (KOHA)
Suppress in OPAC 0
Holdings
Withdrawn status Lost status Source of classification or shelving scheme Damaged status Not for loan Home library Current library Shelving location Date acquired Total Checkouts Full call number Barcode Date last seen Date last checked out Copy number Price effective from Koha item type
    Dewey Decimal Classification     London London Folio 27/06/2000 11 F333.332 LAW 30061704 06/08/2019 02/12/2004 1 06/08/2019 Book